[Event "62nd ch-IND 2025"]
[Site "Guntur IND"]
[Date "2025.10.01"]
[Round "11.35"]
[White "Neelotpal, Das"]
[Black "Venkatesh Das"]
[Result "1/2-1/2"]
[WhiteTitle "GM"]
[WhiteElo "2371"]
[BlackElo "2013"]
[WhiteFideId "5003512"]
[BlackFideId "25943316"]
[EventDate "2025.09.21"]

1. d4 Nf6 2. c4 e6 3. Nc3 d5 4. cxd5 exd5 5. Bg5 Be7 6. e3 h6 7. Bh4 c6 8. Bd3
O-O 9. Qc2 Re8 10. Nge2 Nbd7 11. O-O Ne4 12. Bxe7 Qxe7 13. Rae1 Ndf6 14. f3 Nxc3
15. Nxc3 Qd6 16. Qf2 Be6 17. h3 b6 18. Rd1 c5 19. e4 dxe4 20. Bxe4 Rad8 21. dxc5
Qxc5 22. Qxc5 bxc5 23. Bc6 Rxd1 24. Rxd1 Rb8 25. Rd2 Rb6 26. Bb5 Nd5 27. Nxd5
Bxd5 28. Rxd5 Rxb5 29. Rd2 Kf8 30. Re2 Rb7 31. Kf2 Re7 32. Rc2 Rb7 33. b3 Rb5
34. Ke3 Ke7 35. h4 Kd6 36. h5 Rb8 37. Rc4 Re8+ 38. Kd2 Re5 39. g4 f5 40. Ra4
fxg4 41. fxg4 Re7 42. Kd3 Rb7 43. Kc4 Rb6 44. g5 hxg5 45. Rxa7 Rb4+ 46. Kd3 Rd4+
47. Ke3 Rh4 48. Rxg7 Rxh5 49. Ke4 Rh4+ 50. Kf5 1/2-1/2

[Event "62nd ch-IND 2025"]
[Site "Guntur IND"]
[Date "2025.10.01"]
[Round "11.36"]
[White "Swarna Nihal"]
[Black "Sharsha Backer"]
[Result "1/2-1/2"]
[WhiteTitle "FM"]
[WhiteElo "2305"]
[BlackElo "2011"]
[WhiteFideId "25683640"]
[BlackFideId "46666044"]
[EventDate "2025.09.21"]

1. d4 Nf6 2. c4 g6 3. Nc3 Bg7 4. Nf3 O-O 5. g3 d6 6. Bg2 Nc6 7. O-O a6 8. d5 Na5
9. b3 c5 10. dxc6 Ne4 11. c7 Qxc7 12. Nd5 Qd8 13. Nd4 Nf6 14. e4 Bd7 15. Bb2 b5
16. cxb5 axb5 17. Qd2 Ra7 18. Nb4 Qb8 19. f4 e5 20. Ndc2 Re8 21. fxe5 dxe5 22.
Ne3 Bc6 23. Nbd5 Nxd5 24. exd5 Ba8 25. Nc2 Qb6+ 26. Kh1 Rd7 27. Nb4 Nc6 28. Nxc6
Bxc6 29. Bd4 Qd8 30. dxc6 Rxd4 31. Qe2 b4 32. Rad1 e4 33. Rxd4 Qxd4 34. Rd1 Qc3
35. Bxe4 Qxc6 36. Bxc6 Rxe2 1/2-1/2

[Event "62nd ch-IND 2025"]
[Site "Guntur IND"]
[Date "2025.10.01"]
[Round "11.37"]
[White "Vivaan Sardana"]
[Black "Vignesh, B"]
[Result "1-0"]
[WhiteElo "2008"]
[BlackElo "2288"]
[WhiteFideId "33397694"]
[BlackFideId "35051555"]
[EventDate "2025.09.21"]

1. e4 g6 2. d4 Bg7 3. Nc3 d6 4. Be3 c6 5. Qd2 b5 6. Bd3 Nf6 7. h3 Nbd7 8. Nf3
Nb6 9. Bh6 O-O 10. Bxg7 Kxg7 11. O-O Qc7 12. Ne2 e5 13. Ng3 a6 14. Rfe1 h6 15.
c3 Qe7 16. Rad1 Ra7 17. Bf1 Rc7 18. b3 Nh7 19. c4 Ng5 20. Nxg5 hxg5 21. dxe5
dxe5 22. cxb5 cxb5 23. Qd6 Qxd6 24. Rxd6 Nd7 25. a4 bxa4 26. bxa4 Nc5 27. a5 Be6
28. f3 Ra8 29. Rc1 Raa7 30. Kh2 Nb3 31. Rxc7 Rxc7 32. Rxa6 Rc5 33. Rb6 Rxa5 34.
Rb5 Ra2 35. Kh1 Ra1 36. Kh2 Ra2 37. Kh1 Kf6 38. Rb6 Rc2 39. Kg1 Nd4 40. Bd3 Rc3
41. Bf1 Nb3 42. Rd6 Rc2 43. Rd1 Nd4 44. Bd3 Ra2 45. Kf1 Bb3 46. Rc1 Rd2 47. Ba6
Ke6 48. Rc3 Kd6 49. Ne2 Rb2 50. Ng3 Bd1 51. Kg1 Ra2 52. Bc4 Ra1 53. Kf2 f5 54.
exf5 gxf5 55. Nf1 Rb1 56. Ne3 Ba4 57. Bd3 Rb2+ 58. Kg1 Ke6 59. Kh1 Bb3 60. Nxf5
Bd5 61. Ne3 Bb7 62. Nc4 Ra2 63. Ra3 Rxa3 64. Nxa3 Nxf3 65. gxf3 Bxf3+ 66. Kh2 e4
67. Bb5 Ke5 68. Kg3 Kd4 69. Nc2+ Kc3 70. Ne3 Kd4 71. Nf5+ Ke5 72. Nh6 Bd1 73.
Bc6 e3 74. Nf7+ Kf6 75. Nd6 Ke5 76. Nf7+ Kf6 77. Nh6 Ke5 78. Bd7 Be2 79. Bg4 Bf1
80. Kf3 e2 81. Kf2 Ke4 82. Nf5 Kf4 83. Nd4 Ke5 84. Nf3+ Kf6 85. Ng1 e1=Q+ 86.
Kxe1 Bb5 87. Kf2 Ba6 88. Nf3 Bb5 89. Nh2 Ba6 90. Ke3 Bf1 91. Nxf1 1-0

[Event "62nd ch-IND 2025"]
[Site "Guntur IND"]
[Date "2025.10.01"]
[Round "11.38"]
[White "Aditya, Varun Gampa"]
[Black "Kandi Santosh Sai Karthik"]
[Result "1-0"]
[WhiteTitle "FM"]
[WhiteElo "2273"]
[BlackElo "1983"]
[WhiteFideId "45066183"]
[BlackFideId "33400636"]
[EventDate "2025.09.21"]

1. e4 c5 2. Nc3 Nc6 3. Bb5 Nd4 4. Nf3 a6 5. Bd3 g6 6. O-O Bg7 7. Re1 Nc6 8. Nd5
d6 9. c3 Nf6 10. Bc2 O-O 11. h3 b5 12. Nxf6+ Bxf6 13. d4 e5 14. d5 Ne7 15. b4 c4
16. a4 Bd7 17. Bh6 Bg7 18. Qd2 f6 19. Bxg7 Kxg7 20. Ra2 h6 21. Rea1 Rb8 22. axb5
axb5 23. Ra6 Nc8 24. Qe3 Qc7 25. Nh2 Nb6 26. f4 Ra8 27. Bd1 exf4 28. Qxf4 Rxa6
29. Rxa6 Ra8 30. Rxa8 Nxa8 31. Nf3 Nb6 32. Nd4 Na4 33. Qg3 Kh7 34. Kh2 Qb8 35.
Bc2 Qe8 36. Nf3 Nxc3 37. Qxd6 Bc8 38. Qxf6 Nxe4 39. Bxe4 Qxe4 40. Qf7+ Kh8 41.
Qf8+ Kh7 42. Qxc8 Qxd5 43. Qc7+ Kg8 44. Ne5 Qe6 45. Kg1 Qf5 46. Qd8+ Kg7 47.
Qe7+ Kg8 48. Ng4 Qb1+ 49. Kh2 1-0

[Event "62nd ch-IND 2025"]
[Site "Guntur IND"]
[Date "2025.10.01"]
[Round "11.39"]
[White "Yohan Yadav Tarala"]
[Black "Kolla Bhaavan"]
[Result "1-0"]
[WhiteTitle "CM"]
[WhiteElo "2246"]
[BlackElo "2008"]
[WhiteFideId "33385300"]
[BlackFideId "25106821"]
[EventDate "2025.09.21"]

1. e4 c6 2. Nc3 d5 3. Nf3 dxe4 4. Nxe4 Nf6 5. Qe2 Nxe4 6. Qxe4 Nd7 7. d4 Nf6 8.
Qd3 g6 9. Be2 Bg7 10. O-O O-O 11. Re1 Bf5 12. Qb3 b5 13. a4 Be6 14. Qa3 a6 15.
Ne5 Rc8 16. Bf3 Nd5 17. c3 Bxe5 18. dxe5 Qc7 19. Qc5 Qb7 20. a5 Rfe8 21. b3 Rc7
22. Bd2 Qa7 23. Qxa7 Rxa7 24. c4 bxc4 25. bxc4 Nc7 26. Bxc6 Bxc4 27. Rec1 Bb5
28. Be3 Raa8 29. Bxa8 Nxa8 30. Rc5 Bd7 31. Rd1 Be6 32. Rc6 Bc8 33. Rb1 1-0

[Event "62nd ch-IND 2025"]
[Site "Guntur IND"]
[Date "2025.10.01"]
[Round "11.40"]
[White "Sharma, Dinesh K."]
[Black "Shivamshika G"]
[Result "1-0"]
[WhiteTitle "IM"]
[WhiteElo "2192"]
[BlackElo "1981"]
[WhiteFideId "5004110"]
[BlackFideId "33384959"]
[EventDate "2025.09.21"]

1. e4 e6 2. d4 d5 3. Nc3 Bb4 4. e5 c5 5. a3 Bxc3+ 6. bxc3 Ne7 7. Qg4 Qc7 8. Bd3
c4 9. Be2 Nf5 10. Bd1 Bd7 11. Ne2 Nc6 12. Ng3 Rg8 13. Nxf5 exf5 14. Qh4 h6 15.
O-O Ne7 16. a4 Ng6 17. Qg3 O-O-O 18. Bh5 Qb6 19. a5 Qe6 20. Bd2 Kb8 21. Rfb1 Rc8
22. Bc1 Rc6 23. Ba3 Ra6 24. h3 Ka8 25. Bd6 Rc8 26. f4 Rg8 27. Kh2 Ne7 28. Bf3
Nc8 29. Bc5 g5 30. Rf1 Bc6 31. Bh5 Bd7 32. Kh1 Qe8 33. Qf3 Be6 34. g4 Qd8 35.
Rg1 Rg7 36. Kh2 Rg8 37. gxf5 Bxf5 38. fxg5 Rxg5 39. Rxg5 Be4 40. Qg4 hxg5 41.
Bxf7 Rh6 42. Be6 Rh4 43. Bxc8 Rxg4 44. Bxg4 1-0

[Event "62nd ch-IND 2025"]
[Site "Guntur IND"]
[Date "2025.10.01"]
[Round "11.41"]
[White "Abhishek, Kelkar"]
[Black "Shreyash, Shuvam Patnaik"]
[Result "1-0"]
[WhiteTitle "IM"]
[WhiteElo "2172"]
[BlackElo "1978"]
[WhiteFideId "5019257"]
[BlackFideId "35047272"]
[EventDate "2025.09.21"]

1. Nf3 Nf6 2. e3 d5 3. c4 e6 4. b3 b6 5. Bb2 Bd6 6. Qc2 Bb7 7. d3 Nbd7 8. Nbd2
e5 9. cxd5 Bxd5 10. a3 O-O 11. Be2 Re8 12. Ne4 Nxe4 13. dxe4 Bb7 14. O-O Re6 15.
Rfd1 Qe7 16. Bc4 Rg6 17. Bd5 Bxd5 18. Rxd5 Qe6 19. Nh4 Rf6 20. Nf5 Nc5 21. Nxd6
cxd6 22. b4 Nb7 23. Qc7 Nd8 24. Bxe5 Rc8 25. Rxd6 1-0

[Event "62nd ch-IND 2025"]
[Site "Guntur IND"]
[Date "2025.10.01"]
[Round "11.42"]
[White "Utkrisht Tuli"]
[Black "Haridev S"]
[Result "1/2-1/2"]
[WhiteElo "2006"]
[BlackElo "2147"]
[WhiteFideId "25693506"]
[BlackFideId "25957180"]
[EventDate "2025.09.21"]

1. c4 Nf6 2. g3 g6 3. Bg2 Bg7 4. Nc3 O-O 5. d4 d6 6. Nf3 Nc6 7. O-O Bf5 8. b3
Ne4 9. Nd5 a5 10. Ne3 Bc8 11. Bb2 a4 12. Nc2 Na5 13. Nfe1 Nc5 14. dxc5 Bxb2 15.
Rb1 Bg7 16. cxd6 cxd6 17. Nd3 Bd7 18. Ncb4 Rc8 19. Rc1 axb3 20. axb3 b5 21. c5
Be6 22. Nd5 Bxd5 23. Bxd5 dxc5 24. Nxc5 e6 25. Nxe6 Rxc1 26. Nxd8 Rxd1 27. Rxd1
Rxd8 28. Bxf7+ Kxf7 29. Rxd8 b4 30. Rd7+ Kf8 31. Rd1 Bc3 32. Rb1 Ke7 33. e3 Ke6
34. Kf1 Nb7 35. Ke2 Nc5 36. f3 h5 37. h3 Be5 38. g4 h4 39. Kd2 Bg3 40. Kc2 Ke5
41. Rf1 Kf6 42. f4 Ke6 43. f5+ Kf6 44. fxg6+ Kxg6 45. Rf5 Ne4 46. Kd3 Ng5 47.
Ke2 Bd6 48. Rd5 Be7 49. Kf1 Kf6 50. Kg2 Ke6 51. Rd4 Kf7 52. Rd5 Ke6 53. Rd4 Ke5
54. Rc4 Ne4 55. g5 Nxg5 56. Rxh4 Ne4 57. Rh5+ Ke6 58. Kf3 Nd2+ 59. Ke2 Nxb3 60.
Kd3 Nc5+ 61. Kc4 b3 62. Rxc5 Bxc5 1/2-1/2

[Event "62nd ch-IND 2025"]
[Site "Guntur IND"]
[Date "2025.10.01"]
[Round "11.43"]
[White "Gopal Krishna Maheshwari"]
[Black "Vedant Garg"]
[Result "1/2-1/2"]
[WhiteElo "1996"]
[BlackElo "2140"]
[WhiteFideId "25174738"]
[BlackFideId "33422362"]
[EventDate "2025.09.21"]

1. e4 e5 2. Nf3 Nc6 3. Bc4 Nf6 4. d3 h6 5. Nc3 d6 6. a3 g6 7. O-O Bg7 8. Be3 O-O
9. h3 Qe7 10. Nd5 Nxd5 11. Bxd5 Be6 12. d4 Bxd5 13. exd5 Nd8 14. dxe5 dxe5 15.
Re1 Qd7 16. Qd2 Kh7 17. c4 f5 18. Bc5 Re8 19. Rad1 Nf7 20. b3 Bf6 21. Bb4 Nd6
22. Qc2 a5 23. Bc3 Qg7 24. Nd2 b6 25. Qb2 g5 26. Re2 Re7 27. Rde1 Rae8 28. b4
axb4 29. axb4 Kg6 30. c5 Nb5 31. g4 fxg4 32. hxg4 Qf7 1/2-1/2

[Event "62nd ch-IND 2025"]
[Site "Guntur IND"]
[Date "2025.10.01"]
[Round "11.44"]
[White "Arul, Anandh S P K"]
[Black "Malvin Joshua"]
[Result "1/2-1/2"]
[WhiteElo "2134"]
[BlackElo "1966"]
[WhiteFideId "45086931"]
[BlackFideId "33417873"]
[EventDate "2025.09.21"]

1. c4 e5 2. Nc3 Nc6 3. g3 f5 4. Bg2 Nf6 5. e3 e4 6. d3 Bb4 7. Ne2 d5 8. cxd5
Qxd5 9. d4 Qf7 10. O-O Bxc3 11. Nxc3 O-O 12. f3 exf3 13. Bxf3 Rd8 14. Qe2 Be6
15. b3 a6 16. Bb2 Qg6 17. Qg2 Bd7 18. Rac1 Re8 19. Nd5 Nxd5 20. Bxd5+ Kh8 21.
Rfe1 Rad8 22. Bf3 Qd6 23. Rcd1 Qb4 24. Qc2 Qd6 25. Qc1 a5 26. Bg2 b6 27. Qc3 Nb4
28. d5 Rg8 29. a3 Na6 30. Qd4 Rde8 31. e4 fxe4 32. Rxe4 Nc5 33. Rxe8 Bxe8 34. b4
axb4 35. axb4 Nd7 36. Rf1 Qe7 37. Bh3 Rf8 38. Rc1 Nf6 39. Bg2 Bg6 40. Bc3 Be8
41. Bb2 Bg6 42. Bc3 Rd8 43. Re1 Qf7 44. Rf1 Kg8 45. Qc4 Re8 46. Qc6 Qe7 47. Bxf6
gxf6 48. Rxf6 Qe3+ 49. Kh1 Qe1+ 50. Rf1 Qe5 51. Qc4 Kg7 52. Qc6 Kg8 53. Qc4 Kg7
54. Qg4 Re7 55. h3 Rf7 56. Rd1 Rf2 57. Qd4 Qxd4 58. Rd2 Qd3 59. Rxd3 Kf6 60. Rd4 1/2-1/2

[Event "62nd ch-IND 2025"]
[Site "Guntur IND"]
[Date "2025.10.01"]
[Round "11.45"]
[White "Chidvilash, Sai Surapaneni"]
[Black "Atiksh Thakur"]
[Result "1-0"]
[WhiteTitle "CM"]
[WhiteElo "2124"]
[BlackElo "1964"]
[WhiteFideId "25748530"]
[BlackFideId "33478902"]
[EventDate "2025.09.21"]

1. c4 e6 2. g3 d5 3. Bg2 Nf6 4. Nf3 d4 5. e3 c5 6. exd4 cxd4 7. d3 Nc6 8. O-O
Bd6 9. Bg5 h6 10. Bxf6 Qxf6 11. Nfd2 Qd8 12. Na3 O-O 13. Rc1 Qe7 14. Nb5 Bc5 15.
Nb3 Rd8 16. Qh5 e5 17. f4 a6 18. Nxc5 Qxc5 19. Nc7 Rb8 20. Nd5 Re8 21. Rce1 Qd6
22. fxe5 Nxe5 23. c5 Qe6 24. Nc7 Qg4 25. Rxe5 Qxh5 26. Rxh5 Re7 27. Nd5 Re2 28.
Rh4 Be6 29. Nf4 1-0

[Event "62nd ch-IND 2025"]
[Site "Guntur IND"]
[Date "2025.10.01"]
[Round "11.46"]
[White "Andalamala Hemal Varshan"]
[Black "Arshpreet Singh"]
[Result "0-1"]
[WhiteElo "1998"]
[BlackElo "2123"]
[WhiteFideId "33315957"]
[BlackFideId "25902113"]
[EventDate "2025.09.21"]

1. e4 c5 2. Nf3 e6 3. b3 b6 4. d4 cxd4 5. Nxd4 Bb7 6. Nd2 Bc5 7. Bb2 Qf6 8. Nc4
Qh4 9. Bd3 Nf6 10. g3 Qh6 11. Qe2 O-O 12. Nd2 Nc6 13. Nxc6 Bxc6 14. O-O-O d5 15.
f3 dxe4 16. fxe4 Rfd8 17. Kb1 Bd4 18. Bxd4 Rxd4 19. Nf3 Rdd8 20. Ne5 Bb7 21. Ng4
Nxg4 22. Qxg4 Rd4 23. Qe2 Rad8 24. Rhf1 Qg5 25. e5 g6 26. Rde1 Qe7 27. Rf4 Rxf4
28. gxf4 Kg7 29. Qe3 Qb4 30. Kb2 Rc8 31. h4 a5 32. a4 Qc3+ 33. Kb1 Rd8 34. Re2
Ba6 35. Rd2 Bxd3 36. Rxd3 Rxd3 37. cxd3 Qxb3+ 38. Kc1 Qxa4 39. Qg3 Qa3+ 40. Kc2
Qe7 41. h5 a4 42. Qh3 Qc5+ 43. Kd1 Qg1+ 44. Ke2 gxh5 45. Qxh5 a3 46. f5 Qg2+ 47.
Ke3 Qg3+ 48. Kd4 a2 49. f6+ Kg8 50. Qh1 Qf4+ 51. Kc3 a1=Q+ 52. Qxa1 Qxe5+ 53. d4
Qa5+ 0-1

[Event "62nd ch-IND 2025"]
[Site "Guntur IND"]
[Date "2025.10.01"]
[Round "11.47"]
[White "Sree Shaunak Chanda"]
[Black "Jihan Tejas Shah"]
[Result "0-1"]
[WhiteElo "1984"]
[BlackElo "2109"]
[WhiteFideId "33326150"]
[BlackFideId "33370109"]
[EventDate "2025.09.21"]

1. d4 Nf6 2. c4 g6 3. Nc3 Bg7 4. e4 d6 5. Be2 O-O 6. Nf3 e5 7. O-O Nbd7 8. dxe5
dxe5 9. Qc2 c6 10. Rd1 Qe7 11. h3 Nh5 12. Bf1 Nc5 13. a3 f5 14. Bg5 Nf6 15. b4
Ne6 16. c5 Nxg5 17. Nxg5 Nh5 18. Bc4+ Kh8 19. Nf7+ Rxf7 20. Bxf7 Qxf7 21. Rd8+
Bf8 22. Rad1 Nf4 23. R1d7 Qxd7 24. Rxd7 Bxd7 25. Qa4 Be7 26. Kh2 Kg7 27. g3 Ne6
28. Nd5 Bd8 29. Ne3 Nd4 30. exf5 Bxf5 31. Qd1 Be6 32. f4 Bc7 33. fxe5 Bxe5 34.
Ng4 Bxg4 35. hxg4 Rf8 36. Qa4 Rf2+ 0-1

[Event "62nd ch-IND 2025"]
[Site "Guntur IND"]
[Date "2025.10.01"]
[Round "11.48"]
[White "Rahul Ramakrishnan"]
[Black "Arush A"]
[Result "1/2-1/2"]
[WhiteElo "1976"]
[BlackElo "2105"]
[WhiteFideId "25146270"]
[BlackFideId "48725170"]
[EventDate "2025.09.21"]

1. d4 d5 2. c4 e6 3. Nc3 Nf6 4. cxd5 exd5 5. Bg5 Be7 6. e3 O-O 7. Bd3 c6 8. Nge2
Nbd7 9. Qc2 Re8 10. O-O Nf8 11. a3 Ne4 12. Bxe7 Qxe7 13. Bxe4 dxe4 14. d5 Bd7
15. Ng3 cxd5 16. Nxd5 Qe5 17. Nc3 Bc6 18. Rfd1 f5 19. Nce2 g6 20. Qb3+ Qe6 21.
Qb4 Nd7 22. Rd6 Qf7 23. Rad1 Ne5 24. Nf4 Rac8 25. Nge2 a5 26. Qd4 Qb3 27. Nc1
Qc4 28. b3 Qxd4 29. R6xd4 Kf7 30. a4 Re7 31. Nce2 Ra8 32. Nc3 Rd7 33. Rxd7+ Nxd7
34. Nce2 Nc5 35. Nd4 Rd8 1/2-1/2

[Event "62nd ch-IND 2025"]
[Site "Guntur IND"]
[Date "2025.10.01"]
[Round "11.49"]
[White "Deshmukh, Anup"]
[Black "Lavyaajyoti Routray"]
[Result "1/2-1/2"]
[WhiteTitle "IM"]
[WhiteElo "2099"]
[BlackElo "1946"]
[WhiteFideId "5000564"]
[BlackFideId "25741128"]
[EventDate "2025.09.21"]

1. c4 e6 2. Nf3 d5 3. b3 c5 4. Bb2 d4 5. b4 a5 6. bxc5 Nc6 7. Na3 e5 8. Nb5 Bxc5
9. e3 Bg4 10. h3 Bh5 11. Qa4 Bxf3 12. gxf3 Nge7 13. f4 O-O 14. fxe5 Nxe5 15.
O-O-O N7c6 16. f4 Nd7 17. Rg1 Nb6 18. Qc2 f6 19. Qf5 Qe7 20. exd4 Bb4 21. Bd3 g6
22. d5 Na7 23. d6 Qf7 24. Nc7 Rac8 25. c5 Kh8 26. Qxf6+ Qxf6 27. Bxf6+ Rxf6 28.
cxb6 Bxd6 29. bxa7 Bxc7 30. Kb1 Rb6+ 31. Ka1 Bxf4 32. Rge1 Bh6 33. a4 Rb4 34.
Bb5 Bg7+ 35. Ka2 1/2-1/2

[Event "62nd ch-IND 2025"]
[Site "Guntur IND"]
[Date "2025.10.01"]
[Round "11.50"]
[White "Nirvan Bhamidi"]
[Black "Vijay, Kumar"]
[Result "1-0"]
[WhiteElo "2098"]
[BlackElo "1939"]
[WhiteFideId "33386722"]
[BlackFideId "5066441"]
[EventDate "2025.09.21"]

1. e4 c5 2. Nf3 d6 3. d4 cxd4 4. Nxd4 Nc6 5. Nc3 Nf6 6. Bc4 e5 7. Nf5 Be6 8. Bb3
Qd7 9. Ne3 Be7 10. Ned5 O-O 11. O-O Nd4 12. Nxe7+ Qxe7 13. Bg5 h6 14. Be3 Nxb3
15. axb3 a6 16. h3 Rad8 17. Bb6 Rc8 18. f4 Rc6 19. Be3 exf4 20. Rf2 f3 21. Rxf3
d5 22. Rxf6 Qxf6 23. exd5 Rxc3 24. bxc3 Qe5 25. Bc5 Rd8 26. c4 Bxd5 27. Bf2 Qg5
28. cxd5 Rxd5 29. Qg4 Qxg4 30. hxg4 Rd2 31. c3 Rd3 32. Bd4 f6 33. Ra5 Rd2 34.
Rd5 b5 35. Rd6 a5 36. Rb6 a4 37. Rxb5 a3 38. Ra5 a2 39. Kh2 Kf7 40. b4 Ke6 41.
b5 Kd7 42. Ra7+ Kc8 43. b6 Kb8 44. Be3 Rb2 45. c4 Rb4 46. c5 Re4 47. c6 Rxe3 48.
c7+ Kc8 49. Ra8+ 1-0

[Event "62nd ch-IND 2025"]
[Site "Guntur IND"]
[Date "2025.10.01"]
[Round "11.51"]
[White "Jagesia Daksh"]
[Black "Alluri Bhaskara Ratna Shanmukha Reddy"]
[Result "1/2-1/2"]
[WhiteElo "1975"]
[BlackElo "2097"]
[WhiteFideId "25670956"]
[BlackFideId "33325855"]
[EventDate "2025.09.21"]

1. Nf3 Nf6 2. c4 g6 3. Nc3 Bg7 4. g3 O-O 5. Bg2 c5 6. O-O Nc6 7. d4 cxd4 8. Nxd4
d6 9. Nc2 Be6 10. Nd5 Qd7 11. Re1 Bh3 12. Bh1 Nxd5 13. cxd5 Ne5 14. Nd4 Rac8 15.
b3 Qc7 16. Qd2 Qb6 17. Bb2 Nd7 18. Nf3 Bxb2 19. Qxb2 Nf6 20. Ng5 Bd7 21. Ne4
Nxe4 22. Bxe4 Rc5 23. Rac1 Rfc8 24. h4 Qb4 25. Bf3 Bf5 26. e4 Bd7 27. Kg2 h5 28.
Rxc5 Rxc5 29. Rc1 f6 30. Rxc5 Qxc5 31. Qd2 Kg7 32. Be2 1/2-1/2

[Event "62nd ch-IND 2025"]
[Site "Guntur IND"]
[Date "2025.10.01"]
[Round "11.52"]
[White "Umashankar A"]
[Black "Swain, Ashirwad"]
[Result "1/2-1/2"]
[WhiteElo "1971"]
[BlackElo "2087"]
[WhiteFideId "35009931"]
[BlackFideId "25092022"]
[EventDate "2025.09.21"]

1. e4 c5 2. Nf3 Nc6 3. d4 cxd4 4. Nxd4 Nf6 5. Nc3 d6 6. Bg5 e6 7. Qd2 a6 8.
O-O-O Bd7 9. Kb1 Nxd4 10. Qxd4 Be7 11. f3 Qc7 12. Qd2 b5 13. h4 b4 14. Ne2 O-O
15. e5 dxe5 16. Bxf6 Bxf6 17. Qxd7 Qb6 18. Qd2 Rfd8 19. Qe1 Rxd1+ 20. Qxd1 Rd8
21. Qe1 Qe3 22. Qc1 Qf2 23. Ng1 a5 24. Nh3 Qxh4 25. Bd3 Qd4 26. Qg1 g6 27. Qxd4
Rxd4 28. Nf2 h5 29. c3 bxc3 30. bxc3 Rd7 31. Kc2 Be7 32. Rb1 f5 33. Bc4 Kf7 34.
Rb5 Kf6 35. Rxa5 g5 36. Ra6 Bd6 37. a4 g4 38. Ra8 e4 39. fxe4 h4 40. Rh8 h3 41.
Nxh3 gxh3 42. Rxh3 Bf4 43. exf5 exf5 44. Kb3 Rd2 45. Rf3 Bc7 46. Bd3 Rxg2 47.
Rxf5+ Ke6 48. Rh5 Be5 49. a5 Rg3 50. Kc4 Rg4+ 51. Kb5 Rg3 52. Bf5+ Kd6 53. Rh6+
Kc7 54. Rc6+ Kb8 55. Rc8+ Ka7 56. Be4 Bb8 57. Bd5 Rg1 58. Rd8 Rb1+ 59. Kc6 Rb7
60. Kc5 Rc7+ 61. Bc6 Rg7 62. c4 Rg1 63. Bd5 Ra1 64. Kb4 Rb1+ 65. Kc5 Ra1 66. Kb4
Rb1+ 67. Kc5 Ra1 1/2-1/2

[Event "62nd ch-IND 2025"]
[Site "Guntur IND"]
[Date "2025.10.01"]
[Round "11.53"]
[White "Badole Shaunak"]
[Black "Oishik Mondal"]
[Result "1-0"]
[WhiteElo "2086"]
[BlackElo "1937"]
[WhiteFideId "25952900"]
[BlackFideId "25166255"]
[EventDate "2025.09.21"]

1. e4 c5 2. Nf3 d6 3. d4 cxd4 4. Nxd4 Nf6 5. Nc3 a6 6. Bg5 e6 7. f4 Qc7 8. Qf3
Nbd7 9. O-O-O Be7 10. g4 b5 11. Bxf6 Nxf6 12. g5 Nd7 13. f5 O-O 14. Rg1 b4 15.
Nce2 e5 16. f6 exd4 17. fxe7 Re8 18. e5 d3 19. Qxd3 dxe5 20. Bg2 Ra7 21. g6 fxg6
22. Qd5+ Kh8 23. Qf7 Nf6 24. Qf8+ Ng8 25. Qxe8 Bf5 26. Qxg8+ 1-0

[Event "62nd ch-IND 2025"]
[Site "Guntur IND"]
[Date "2025.10.01"]
[Round "11.54"]
[White "Abhishek T M"]
[Black "Mishra Kamad"]
[Result "1-0"]
[WhiteElo "2077"]
[BlackElo "1934"]
[WhiteFideId "35048252"]
[BlackFideId "46616705"]
[EventDate "2025.09.21"]

1. e4 d6 2. d4 Nf6 3. Nc3 Nbd7 4. f4 e5 5. Nf3 exd4 6. Qxd4 c6 7. Bd2 d5 8.
O-O-O Bc5 9. Qd3 O-O 10. exd5 Re8 11. dxc6 bxc6 12. Qc4 Qc7 13. Ng5 Rf8 14. Bd3
h6 15. Nxf7 Rxf7 16. Bg6 Nf8 17. Bxf7+ Qxf7 18. Qxc5 Ne6 19. Qc4 Nd5 20. Nxd5
cxd5 21. Qxd5 Bb7 22. Qb3 1-0

[Event "62nd ch-IND 2025"]
[Site "Guntur IND"]
[Date "2025.10.01"]
[Round "11.55"]
[White "Naga Sai Sarthak Karanam"]
[Black "Shreyash Singh"]
[Result "1-0"]
[WhiteElo "1948"]
[BlackElo "2065"]
[WhiteFideId "25930133"]
[BlackFideId "33426058"]
[EventDate "2025.09.21"]

1. d4 Nf6 2. Bf4 g6 3. Nc3 d5 4. Qd2 Bg7 5. Nf3 Bf5 6. h3 c6 7. e3 Nbd7 8. Ne5
Rc8 9. g4 Ne4 10. Nxe4 Bxe4 11. Rg1 Nxe5 12. Bxe5 Bxe5 13. dxe5 Qc7 14. Qc3 f6
15. exf6 O-O 16. fxe7 Qxe7 17. Bd3 Qh4 18. O-O-O Bf3 19. Rdf1 Qxh3 20. Qe5 Rce8
21. Qd6 Qh6 22. Rg3 Qg5 23. Bf5 Be4 24. Bxe4 dxe4 25. Qd4 Qb5 26. Rgg1 Rf7 27.
Qxa7 Qc4 28. Qa3 Ref8 29. Qb3 Qxb3 30. axb3 Rxf2 31. Rxf2 Rxf2 32. g5 Re2 33.
Rg3 Kf7 34. Kd1 Rh2 35. Rg4 Rh5 36. Kd2 Ke6 37. Rxe4+ Kf5 38. Re7 Kxg5 39. Rxb7
Kg4 40. b4 Rd5+ 41. Ke2 h5 42. c4 Rd8 43. Rc7 Rd6 44. c5 Re6 45. Rd7 g5 46. Rd6
Re8 47. Rxc6 h4 48. b5 Rh8 49. Rd6 h3 50. Rd1 h2 51. b6 Rb8 52. b4 Kh3 53. b5
Kg2 54. c6 Rd8 55. Rb1 Rf8 56. c7 Rf2+ 57. Kd3 Rf1 58. Rxf1 Kxf1 59. c8=Q h1=Q
60. Qc1+ Kg2 61. Ke4 1-0